Managing international trade and investment (Casebook) (Record no. 6812)

MARC details
000 -LEADER
fixed length control field 00681nam a22001937a 4500
003 - CONTROL NUMBER IDENTIFIER
control field OSt
005 - DATE AND TIME OF LATEST TRANSACTION
control field 20251204104725.0
008 - FIXED-LENGTH DATA ELEMENTS--GENERAL INFORMATION
fixed length control field 251204b |||||||| |||| 00| 0 eng d
020 ## - INTERNATIONAL STANDARD BOOK NUMBER
International Standard Book Number 1-86094-294-6(pbk)
040 ## - CATALOGING SOURCE
Original cataloging agency DWC-Main lib
Transcribing agency OC
082 ## - DEWEY DECIMAL CLASSIFICATION NUMBER
Classification number Circ. 341.7 Sp736
100 ## - MAIN ENTRY--PERSONAL NAME
Personal name Spar, D.
245 ## - TITLE STATEMENT
Title Managing international trade and investment (Casebook)
Statement of responsibility, etc. Spar, Debora L.
260 ## - PUBLICATION, DISTRIBUTION, ETC.
Place of publication, distribution, etc. London :
Name of publisher, distributor, etc. Imperial College Press,
Date of publication, distribution, etc. [200?].
300 ## - PHYSICAL DESCRIPTION
Extent viii, 459 pages :
Other physical details illustration ;
Dimensions 28 cm.
650 ## - SUBJECT ADDED ENTRY--TOPICAL TERM
Source of heading or term Investments, Foreign - Law and legislation.
650 ## - SUBJECT ADDED ENTRY--TOPICAL TERM
Source of heading or term Foreign trade regulation.
942 ## - ADDED ENTRY ELEMENTS (KOHA)
Source of classification or shelving scheme Dewey Decimal Classification
Koha item type Book Circulation
Classification part Circ. 341.7 Sp736
Call number prefix Circ.
Suppress in OPAC No
952 ## - LOCATION AND ITEM INFORMATION (KOHA)
--
Holdings
Withdrawn status Lost status Source of classification or shelving scheme Damaged status Not for loan Home library Current library Shelving location Date acquired Source of acquisition Total Checkouts Full call number Barcode Date last seen Copy number Price effective from Koha item type Uniform Resource Identifier
    Dewey Decimal Classification     College Library College Library Circulation 08/11/2005 School Fund   Circ. 341.7 Sp736 CL42267 12/04/2025 c1 12/04/2025 BK-CIRC